Welcome to CU Library Online Public Access Catalogue (OPAC)

Essentials of radiology / (Record no. 3333)

MARC details
000 -LEADER
fixed length control field 00594cam a22002054a 4500
001 - CONTROL NUMBER
control field 13452155
005 - DATE AND TIME OF LATEST TRANSACTION
control field 20250131202238.0
008 - FIXED-LENGTH DATA ELEMENTS--GENERAL INFORMATION
fixed length control field 040108s2005 paua b 001 0 eng
020 ## - INTERNATIONAL STANDARD BOOK NUMBER
International Standard Book Number 9780721605272
050 00 - LIBRARY OF CONGRESS CALL NUMBER
Classification number RC78
Item number .M397 2005
082 00 - DEWEY DECIMAL CLASSIFICATION NUMBER
Classification number 616.07/57
Edition information 22
100 1# - MAIN ENTRY--PERSONAL NAME
Personal name Mettler, Fred A.,
Dates associated with a name 1945-
245 10 - TITLE STATEMENT
Title Essentials of radiology /
Statement of responsibility, etc. Fred A. Mettler, Jr.
250 ## - EDITION STATEMENT
Edition statement 2nd ed.
260 ## - PUBLICATION, DISTRIBUTION, ETC.
Place of publication, distribution, etc. Philadelphia :
Name of publisher, distributor, etc. Elsevier Saunders,
Date of publication, distribution, etc. c2005.
300 ## - PHYSICAL DESCRIPTION
Extent xi, 416 p. :
Other physical details ill. ;
Dimensions 26 cm.
650 #0 - SUBJECT ADDED ENTRY--TOPICAL TERM
Topical term or geographic name entry element Radiography, Medical.
650 12 - SUBJECT ADDED ENTRY--TOPICAL TERM
Topical term or geographic name entry element Radiography
General subdivision methods.
942 ## - ADDED ENTRY ELEMENTS (KOHA)
Source of classification or shelving scheme Library of Congress Classification
Koha item type Books
Edition 2nd ed.
Suppress in OPAC No
999 ## -
-- 3333
-- 3333
Holdings
Withdrawn status Lost status Source of classification or shelving scheme Damaged status Not for loan Collection Home library Current library Shelving location Date acquired Total checkouts Full call number Barcode Date last seen Copy number Price effective from Koha item type
    Library of Congress Classification     Non-fiction Science Library (Miotso) Science Library (Miotso) General stacks 01/31/2025   RC78 .M397 MET SLM00002741 01/31/2025 1 01/31/2025 Books
© 2023-2024 Copyright: Central University Libraries. All Rights Reserved | Created by: Mahone Tech Office